Catálogo de las Pinturas y Dibujos de la Colección Pani (Record no. 5432)

MARC details
000 -CABECERA
campo de control de longitud fija 00740nam a2200241 a 4500
001 - NÚMERO DE CONTROL
campo de control BRCA_5742
005 - FECHA Y HORA DE LA ÚLTIMA TRANSACCIÓN
campo de control 20190320205211.0
008 - DATOS DE LONGITUD FIJA--INFORMACIÓN GENERAL
campo de control de longitud fija 040311s1921----mx-a######---#000-0#spa-#
041 ## - CÓDIGO DE LENGUA
Código de lengua del texto/banda sonora o título independiente spa
044 ## - CÓDIGO DEL PAÍS DE LA ENTIDAD EDITORA/PRODUCTORA
Código MARC del país mx
050 #4 - SIGNATURA TOPOGRÁFICA DE LA BIBLIOTECA DEL CONGRESO
Número de clasificación N5230
Número de documento/Ítem .P36 1921
110 2# - ENTRADA PRINCIPAL--NOMBRE DE ENTIDAD CORPORATIVA
Nombre de entidad corporativa o nombre de jurisdicción como elemento de entrada Pani, Alberto J.
9 (RLIN) 14567
245 10 - MENCIÓN DE TÍTULO
Título Catálogo de las Pinturas y Dibujos de la Colección Pani
Mención de responsabilidad, etc. Texto del Dr. Atl.
260 ## - PUBLICACIÓN, DISTRIBUCIÓN, ETC.
Lugar de publicación, distribución, etc. México
Nombre del editor, distribuidor, etc. Universidad Nacional
Fecha de publicación, distribución, etc. 1921
300 ## - DESCRIPCIÓN FÍSICA
Extensión 55 p.
Otras características físicas il., 41 láminas
Dimensiones 24 cm.
500 ## - NOTA GENERAL
Nota general Estado físico: encuadernación y láminas deterioradas
500 ## - NOTA GENERAL
Nota general E185
650 14 - PUNTO DE ACCESO ADICIONAL DE MATERIA--TÉRMINO DE MATERIA
Término de materia o nombre geográfico como elemento de entrada Pintura
Término indicativo de función/relación Dibujo
Subdivisión geográfica México
9 (RLIN) 11995
650 14 - PUNTO DE ACCESO ADICIONAL DE MATERIA--TÉRMINO DE MATERIA
Término de materia o nombre geográfico como elemento de entrada Arte
Subdivisión general Colecciones privadas
9 (RLIN) 14568
700 1# - PUNTO DE ACCESO ADICIONAL--NOMBRE DE PERSONA
Nombre de persona Atl
Títulos y otros términos asociados al nombre Dr.
Fechas asociadas al nombre 1875-1964
9 (RLIN) 14569
902 ## - CATALOGADOR
Iniciales GFM
942 ## - ELEMENTOS DE PUNTO DE ACCESO ADICIONAL (KOHA)
Fuente del sistema de clasificación o colocación Library of Congress Classification
Tipo de ítem Koha Libros
Holdings
Estado de retiro Estado de pérdida Estado dañado No para préstamo Localización permanente Ubicación/localización actual Fecha de adquisición Número de inventario Total de préstamos Signatura topográfica completa Código de barras Fecha visto por última vez Precio válido a partir de Tipo de ítem Koha
El ejemplar forma parte de la colección y puede ser consultado según las políticas vigentes.       Biblioteca del Museo Franz Mayer (Rogerio Casas-Alatriste) Biblioteca del Museo Franz Mayer (Rogerio Casas-Alatriste) 04/03/2011 E185   N5230 .P36 1921 (E185) 6178 22/03/2019 22/03/2019 Libros